000 00656nam a2200181Ia 4500
008 100917s9999 xx 000 0 und d
082 _b15364
100 _aदेवगिरीकर त्र्यंबक रघुनाथ
245 _aरशियन राज्यक्रांतीचा इतिहास
260 _b---
_c1928
300 _a58
365 _b0
520 _aइतिहास
630 _aरशियन राज्यक्रांतीचा इतिहास
650 _aइतिहास
730 _aरशियन राज्यक्रांतीचा इतिहास
942 _cBOOK
999 _c620758
_d620755